| 000 | 01008cam a2200253 4500 | ||
|---|---|---|---|
| 001 | WB3610-15 | ||
| 008 | 000000n2000 000 0 eng u | ||
| 035 | _a(Sirsi) u104679 | ||
| 245 | _aEnvironmental impact notice | ||
| 260 | _c2000 | ||
| 490 |
_aEstates Gazette _v(0009) 4 March 2000, 41(1) |
||
| 520 | _aThe chairman of the Corporation of London's planning and transport committee has warned that the decision to ask for an environmental impact notice prior to deciding on Swiss Re's application for a new headquarters building could have an impact on other similar proposals, leading to delays and companies eventually looking to develop elsewhere. | ||
| 590 | _aWB | ||
| 650 | _aPLANNING SYSTEM | ||
| 650 | _aPLANNING PERMISSION | ||
| 650 | _aENVIRONMENTAL IMPACT ASSESSMENTS | ||
| 650 | _aCORPORATION OF LONDON | ||
| 650 | _aARTICLE 14 NOTICE | ||
| 650 | _aDELAYS | ||
| 650 | _aHEADQUARTERS BUILDINGS | ||
| 650 | _aSWISS RE | ||
| 690 | _aPROPERTY-PROPERTY DEVELOPMENT | ||
| 942 | _n0 | ||
| 999 |
_c62807 _d62807 |
||